Statistics for 100 Largest U.S. Cities

Click here to take the quiz!

General Stats

  • This quiz has been taken 1,818 times
  • The average score is 55 of 100

Answer Stats

PopulationAnswer% Correct
8,244,910New York
99%
3,819,702Los Angeles
98%
2,707,120Chicago
97%
1,198,434Dallas
95%
2,145,146Houston
94%
408,750Miami
94%
625,087Boston
92%
812,826San Francisco
91%
620,778Seattle
91%
706,585Detroit
89%
1,523,671Philadelphia
89%
1,223,611San Diego
89%
432,427Atlanta
88%
1,496,823Phoenix
88%
619,968Denver
85%
593,820Portland
85%
617,996Washington
85%
589,317Las Vegas
84%
360,740New Orleans
83%
820,611Austin
82%
463,202Kansas City
81%
1,322,116San Antonio
81%
827,424Indianapolis
80%
387,753Minneapolis
80%
243,195Orlando
79%
393,806Cleveland
78%
827,427Jacksonville
78%
617,989Nashville-Davidson
78%
619,493Baltimore
77%
318,069St.Louis
76%
346,037Tampa
76%
591,567Oklahoma City
75%
472,178Sacramento
75%
967,487San Jose
75%
652,050Memphis
74%
797,278Columbus
73%
751,087Charlotte
72%
307,484Pittsburgh
72%
699,992El Paso
67%
600,002Milwaukee
67%
261,025Buffalo
65%
296,223Cincinnati
65%
416,468Raleigh
64%
758,738Fort Worth
62%
602,011Louisville-Jefferson Co.
58%
395,817Oakland
58%
415,068Omaha
58%
288,488St.Paul
58%
552,804Albuquerque
57%
212,413Birmingham
53%
501,362Fresno
53%
525,796Tucson
53%
230,139Baton Rouge
52%
340,936Honolulu
52%
396,466Tulsa
51%
426,388Colorado Springs
50%
236,901Madison
48%
277,540Newark
48%
442,707Virginia Beach
48%
227,511Reno
45%
465,576Long Beach
44%
262,341Lincoln
42%
384,445Wichita
42%
295,570Anchorage
40%
446,518Mesa
40%
373,698Arlington
38%
286,038Toledo
37%
341,361Anaheim
35%
352,428Bakersfield
35%
250,323Jersey City
35%
210,855Rochester
33%
301,569Lexington
31%
307,953Corpus Christi
30%
310,651Riverside
30%
244,997St.Petersburg
29%
233,252Durham
28%
332,354Aurora
27%
273,425Greensboro
27%
242,628Norfolk
27%
255,824Fort Wayne
26%
213,012San Bernardino
26%
332,350Santa Ana
26%
233,740Lubbock
23%
296,357Stockton
23%
269,776Plano
22%
221,020Scottsdale
22%
260,068Henderson
20%
215,529Irvine
20%
233,145Winston-Salem
20%
230,482Glendale
19%
241,935Laredo
18%
219,020North Las Vegas
18%
247,535Chula Vista
17%
220,702Irving
16%
240,101Chandler
15%
229,969Hialeah
13%
225,050Chesapeake
12%
216,916Fremont
12%
231,517Garland
12%
211,951Gilbert
12%

Score Distribution

Percentile by Number Answered

Percent of People with Each Score

Your Score History

You have not taken this quiz